Manifesto per un Islam moderno : 27 proposte per riformare l'Islam /
Gorde:
| Egile nagusia: | |
|---|---|
| Formatua: | Liburua |
| Hizkuntza: | italiera |
| Argitaratua: |
Casale Monferrato :
Sonda,
2007
|
| Saila: | Saggi ;
8 |
| Gaiak: | |
| Etiketak: |
Etiketarik gabe, Izan zaitez lehena erregistro honi etiketa jartzen!
|
MARC
| LEADER | 00000nam a22000007i 4500 | ||
|---|---|---|---|
| 001 | IT\ICCU\UBO\3256138 | ||
| 003 | ItRI | ||
| 005 | 20250301161159.0 | ||
| 008 | 070725s2007 it |||||| ||||| |||||c | ||
| 020 | |a 9788871064840 | ||
| 040 | |b ita |c Arcigay Rimini | ||
| 041 | 7 | |a ita |2 ISO-639-2 | |
| 100 | 1 | |a Chebel, Malek |0 IT\ICCU\RAVV\072158 |4 aut | |
| 240 | 1 | 0 | |a Manifeste pur un islam des Lumièrès. |9 Chebel, Malek |
| 245 | 1 | 0 | |a Manifesto per un Islam moderno : |b 27 proposte per riformare l'Islam / |c Malek Chebel. |
| 260 | |a Casale Monferrato : |b Sonda, |c 2007 | ||
| 300 | |a 141 p. ; |c 21 cm | ||
| 500 | |a Traduzione di Marinella Correggia | ||
| 650 | 7 | |a Islamismo |x Aspetti socio-culturali |2 scbi | |
| 830 | 0 | |a Saggi ; |v 8 |0 IT\ICCU\LO1\1526560 | |
| 942 | |2 ddc |c BK | ||
| 952 | |0 0 |1 0 |2 ddc |4 0 |6 297_500000000000000_CHE_MAN |7 1 |9 3525 |a RN |b RN |d 2025-03-01 |l 0 |o 297.5 CHE MAN |p 10784 |r 2025-03-01 16:13:18 |w 2025-03-01 |y BK |z Donazione di Giovanni Rimondini | ||
| 981 | 1 | |6 z01 |a i |b xxxe | |
| 982 | 1 | |6 z01 |a n | |
| 999 | |c 2740 |d 2740 | ||